BUBT Library Online Catalog

Grammar Punctuation 3/ (Record no. 7147)

000 -LEADER
fixed length control field 00665nam a22002297a 4500
003 - CONTROL NUMBER IDENTIFIER
control field BUBTL
008 - FIXED-LENGTH DATA ELEMENTS--GENERAL INFORMATION
fixed length control field 231120b ||||| |||| 00| 0 eng d
020 ## - INTERNATIONAL STANDARD BOOK NUMBER
International Standard Book Number 817649917-X
041 ## - LANGUAGE CODE
Language code of text/sound track or separate title eng
082 ## - DEWEY DECIMAL CLASSIFICATION NUMBER
Classification number 400/
100 ## - MAIN ENTRY--PERSONAL NAME
9 (RLIN) 5578
Personal name Wurst, Sharman
245 ## - TITLE STATEMENT
Title Grammar Punctuation 3/
Statement of responsibility, etc. Sharman Wurst, Doug Wurst
250 ## - EDITION STATEMENT
Edition statement Ist ed.
260 ## - PUBLICATION, DISTRIBUTION, ETC. (IMPRINT)
Place of publication, distribution, etc. New Delhi :
Name of publisher, distributor, etc. Viva Education,
Date of publication, distribution, etc. c2004
300 ## - PHYSICAL DESCRIPTION
Extent 105 p.
Dimensions 23 cm.
505 ## - FORMATTED CONTENTS NOTE
Formatted contents note Grammar Punctuation 3, Sharman Wurst, Doug Wurst, English Grammar
526 ## - STUDY PROGRAM INFORMATION NOTE
Program name English Grammar
700 ## - ADDED ENTRY--PERSONAL NAME
Personal name Sharman Wurst, Doug Wurst
9 (RLIN) 5584
856 ## - ELECTRONIC LOCATION AND ACCESS
Password 0
Logon 0
Link text Download
942 ## - ADDED ENTRY ELEMENTS (KOHA)
Source of classification or shelving scheme
Koha item type Books

No items available.

More Information About Library

Library Hours

  • Open: 9.00 am. to 9.00 pm.
  • Only Sunday: 9.00 am. to 6.00 pm.
  • Closed: Holiday

Contact to the University

Bangladesh University of Business and Technology Library

  • Mirpurl-2, 1216.
  • Phone:
  • Fax:
  • E-Mail: admin.library@bubt.edu.bd

Contact to the Library

Contact Person:

Md. Abdul Hakim Shah
Joint Librarian
PABX No:  113
Cell No: 01816332931
E-mail: official: admin.library@bubt.edu.bd
Personal: hakim.shah@bubt.edu.bd


BUBT Library

Copyright © 2021